00680nam a22001817a 4500003000400000020001800004082001900022100002300041245002900064250001300093260003800106300000900144650001400153942001200167952015100179952015100330999001700481SGT a9789389859980 a616.0757bR21D aDAHNERT, WOLFGANG  aRADIOLOGY REVIEW MANUAL  a1ST S.A. aINDIA bWOLTERS KLUWER PUB c2021 a1490 aRADIOLOGY 2ddccBK 00102ddc40718MEDICALaFMbFMcREFd2025-02-11eABC DELHIg3899.00iSGTUl0o616.0757 R21DpFM14793r2025-04-03 00:00:00w2025-02-11yBKk20461 00102ddc40718MEDICALaFMbFMcREFd2025-02-11eABC DELHIg3899.00iSGTUl0o616.0757 R21DpFM14794r2025-04-03 00:00:00w2025-02-11yBKk20461 c30632d30632